LEADER 01227nam0 22003131i 450 001 UON00297728 005 20231205103949.850 100 $a20070622d1998 |0itac50 ba 101 $aita$aPOL 102 $aIT 105 $a|||| 1|||| 200 1 $aSonetti$fAdam Mickiewicz$gTraduzione di Umberto Norsa$ga cura di Luigi Marinelli 205 $aRoma : Università degli Studi "La Sapienza"$b1998 210 $a125 p.$a24 cm 215 $aTesto originale a fronte. 316 $aDono della Prof. Zurawska$5IT-UONSI POLACCOB/0035 620 $aIT$dRoma$3UONL000004 676 $a891.85$cLetteratura polacca$v21 700 1$aMickiewicz$bAdam$3UONV023600$0143464 702 1$aMarinelli$bLuigi$3UONV149942 702 1$aNorsa$bUmberto$3UONV134950 712 $aUniversità "La Sapienza"$3UONV272289$4650 790 0$aMICIKAIWEIZHI$zMickiewicz, Adam$3UONV023602 801 $aIT$bSOL$c20250523$gRICA 899 $aSIBA - SISTEMA BIBLIOTECARIO DI ATENEO$2UONSI 912 $aUON00297728 950 $aSIBA - SISTEMA BIBLIOTECARIO DI ATENEO$dSI B 0035 $eSI EO 39834 5 0035 Dono della Prof. Zurawska 996 $aSonetti$91380097 997 $aUNIOR